000 00440nam a2200169Ia 4500
008 121130t1960 xxu||||| |||| 00| 0 sin d
041 _asin
080 _a8S-1 .09
_bRAT
100 _aNandasena Rathnapala
245 _aකවිරස විඳීම
246 _aKavirasa Vindima
260 _bP.K.W.Siriwardana
_aColombo
_c1960
300 _b160p., 18 cm
942 _cBK
999 _c74869
_d74869
003 LK-CoDNM
040 _aLK-CoDNM
_dLK-CoDNM
_eLK-CoDNM